000
00243nam a22001217a 4500
008
180215b xxu||||| |||| 00| 0 eng d
041
_a
eng
080
_a
61
100
_a
3
101
_a
shm
245
_a
medicine
_c
jane.g
942
_2
udc
_c
BK
999
_c
42641
_d
42641